Německo-český strojírensko-hutnický slovník

Na minha lista:
Detalhes bibliográficos
Formato: Livro
Idioma:alemão
tcheco
Publicado em: Praha Stát. nakl. techn. lit. 1988
Edição:1. vyd.
Tags: Adicionar Tag
Sem tags, seja o primeiro a adicionar uma tag!

MARC

LEADER 00000nam a2200000 4500
001 c025595
005 20221219085410.1
041 0 |a ger 
041 0 |a cze 
044 |a CZ 
245 1 0 |a Německo-český strojírensko-hutnický slovník 
250 |a 1. vyd. 
264 1 |a Praha  |b Stát. nakl. techn. lit.  |c 1988 
300 |a 680 s.